[Event "Outaouais op (TORO)"]
[Site "Gatineau"]
[Date "2015.06.06"]
[Round "2"]
[White "Forget, David"]
[Black "Cova, Ramon"]
[Result "0-1"]
[WhiteElo "1941"]
[BlackElo "2093"]
[PlyCount "126"]
[EventDate "2015.06.05"]
[EventType "swiss"]
[EventRounds "5"]
[EventCountry "CAN"]
[SourceTitle "EXT 2019"]
[Source "ChessBase"]
[SourceDate "2018.10.10"]
[SourceVersion "1"]
[SourceVersionDate "2018.10.10"]
[SourceQuality "1"]

1. d4 d5 2. c4 c6 3. Nf3 Nf6 4. cxd5 cxd5 5. Nc3 Nc6 6. Bf4 e6 7. e3 Be7 8. Bd3 Nh5 9. Be5 f6 10. Bg3 Nxg3 11. hxg3 f5 12. Rc1 Bd7 13. Nd2 Qb6 14. a3 0-0-0 15. Na4 Qc7 16. b4 a6 17. Nc5 Bxc5 18. Rxc5 Qb6 19. Nf3 Kb8 20. 0-0 Rc8 21. Qd2 Na7 22. Ne5 Rhd8 23. Rfc1 Be8 24. Qc2 Rxc5 25. bxc5 Qc7 26. Rb1 Bb5 27. Bxb5 Nxb5 28. Qb3 Na7 29. Qd3 Ka8 30. Rb6 Re8 31. Qb3 Nc8 32. Rb4 Na7 33. Qa4 Re7 34. Rb1 g6 35. c6 Nxc6 36. Rc1 Qa5 37. Qxa5 Nxa5 38. Rc8+ Ka7 39. Rc5 Kb6 40. Rc8 Nc6 41. Nxc6 bxc6 42. Rb8+ Kc7 43. Ra8 Kb7 44. Rh8 Kc7 45. Ra8 Kb7 46. Rh8 e5 47. dxe5 Rxe5 48. Rxh7+ Kb6 49. Rh6 Re6 50. Kf1 Kc5 51. Rh4 Kb5 52. Rb4+ Ka5 53. Ke2 c5 54. Rh4 c4 55. Rd4 Ka4 56. Rxd5 Kxa3 57. Kd2 Kb2 58. Rd8 c3+ 59. Kd3 Rc6 60. Rb8+ Kc1 61. Rb3 c2 62. Ke2 Rc5 63. Rb6 Rb5 0-1

[Event "Gatineau op"]
[Site "Gatineau"]
[Date "2014.03.01"]
[Round "3"]
[White "Forget, David"]
[Black "Upper, John"]
[Result "0-1"]
[WhiteElo "1902"]
[BlackElo "2227"]
[PlyCount "56"]
[EventDate "2014.01.28"]
[EventType "swiss"]
[EventRounds "5"]
[EventCountry "CAN"]
[SourceTitle "EXT 2015"]
[Source "ChessBase"]
[SourceDate "2014.11.20"]
[SourceVersion "1"]
[SourceVersionDate "2014.11.20"]
[SourceQuality "1"]

1. d4 Nf6 2. c4 e6 3. Nc3 Bb4 4. Bd2 0-0 5. e3 d5 6. Nf3 b6 7. cxd5 exd5 8. Bd3 c5 9. dxc5 bxc5 10. Ne2 Nc6 11. Rc1 Qb6 12. 0-0 Bxd2 13. Qxd2 c4 14. Bb1 Rb8 15. Rc2 Bf5 16. Rcc1 Be6 17. Ned4 Nxd4 18. Qxd4 Qxd4 19. Nxd4 Rxb2 20. Rc2 Rfb8 21. Rxb2 Rxb2 22. Rc1 Ng4 23. Nc2 g6 24. a4 Bf5 25. h3 Ne5 26. Na3 Bxb1 27. Rxb1 Ra2 28. Nb5 Rxa4 0-1

[Event "Gatineau TORO"]
[Site "Gatineau"]
[Date "2013.06.09"]
[Round "5"]
[White "Corriveau, Philippe"]
[Black "Forget, David"]
[Result "1-0"]
[WhiteElo "1925"]
[BlackElo "1790"]
[PlyCount "49"]
[EventDate "2013.06.07"]
[EventType "swiss"]
[EventRounds "5"]
[EventCountry "CAN"]
[SourceTitle "EXT 2022"]
[Source "ChessBase"]
[SourceDate "2021.10.06"]
[SourceVersion "1"]
[SourceVersionDate "2021.10.06"]
[SourceQuality "1"]

1. e4 e6 2. d3 d5 3. Nd2 c5 4. g3 Nc6 5. Bg2 Bd6 6. Ngf3 Nge7 7. 0-0 0-0 8. Re1 Qc7 9. c3 f6 10. Nf1 d4 11. N1d2 b5 12. a4 b4 13. Nc4 bxc3 14. bxc3 Ba6 15. cxd4 Bxc4 16. dxc5 Bxg3 17. hxg3 Rfd8 18. d4 Nxd4 19. Nxd4 e5 20. Qc2 Rxd4 21. Be3 Bd3 22. Qb3+ Bc4 23. Qc3 Qxc5 24. Rac1 Rc8 25. Bf1 1-0

[Event "Gatineau TORO"]
[Site "Gatineau"]
[Date "2013.06.09"]
[Round "4"]
[White "Forget, David"]
[Black "Cova, Ramon"]
[Result "0-1"]
[WhiteElo "1794"]
[BlackElo "2088"]
[PlyCount "46"]
[EventDate "2013.06.07"]
[EventType "swiss"]
[EventRounds "5"]
[EventCountry "CAN"]
[SourceTitle "EXT 2022"]
[Source "ChessBase"]
[SourceDate "2021.10.06"]
[SourceVersion "1"]
[SourceVersionDate "2021.10.06"]
[SourceQuality "1"]

1. d4 d5 2. c4 c6 3. Nf3 Nf6 4. cxd5 cxd5 5. Nc3 Nc6 6. Bf4 e6 7. e3 Be7 8. Bd3 Nh5 9. Be5 f6 10. Bg3 Nxg3 11. hxg3 f5 12. Ne5 Nxe5 13. dxe5 Bd7 14. g4 Qb6 15. gxf5 Qxb2 16. Qc1 Ba3 17. fxe6 Bxe6 18. Qxb2 Bxb2 19. Nb5 Bxa1 20. Nc7+ Kf7 21. Nxa8 Bc3+ 22. Ke2 Rxa8 23. Rxh7 Bxe5 0-1

[Event "Quebec op"]
[Site "Montreal"]
[Date "2012.07.22"]
[Round "2"]
[White "Forget, David"]
[Black "Yun, Chang"]
[Result "0-1"]
[WhiteElo "1867"]
[BlackElo "1988"]
[PlyCount "78"]
[EventDate "2012.07.21"]
[EventType "swiss"]
[EventRounds "9"]
[EventCountry "CAN"]
[SourceTitle "EXT 2022"]
[Source "ChessBase"]
[SourceDate "2021.10.06"]
[SourceVersion "1"]
[SourceVersionDate "2021.10.06"]
[SourceQuality "1"]

1. d4 d5 2. c4 e6 3. Nc3 Nf6 4. cxd5 exd5 5. Bg5 Be7 6. e3 0-0 7. Bd3 Re8 8. Nf3 c6 9. 0-0 Nbd7 10. Qc2 Nf8 11. Rab1 a5 12. a3 Ne4 13. Bxe7 Qxe7 14. b4 axb4 15. axb4 Ng6 16. b5 Nh4 17. Nxh4 Qxh4 18. bxc6 bxc6 19. Nxe4 dxe4 20. Qxc6 Bf5 21. Be2 Qg5 22. Qc7 h5 23. Qg3 Qe7 24. Bxh5 Ra6 25. Rb5 Be6 26. Rb8 Rxb8 27. Qxb8+ Kh7 28. Qe5 g6 29. Qxe4 f5 30. Qd3 Ra3 31. Bxg6+ Kxg6 32. Qc2 Ra8 33. Qc6 Rc8 34. Qa6 Rd8 35. Rb1 Rd6 36. Qa5 Bd5 37. Qc5 Qe6 38. h3 Rc6 39. Qf8 Qe4 0-1

[Event "Quebec op"]
[Site "Montreal"]
[Date "2012.07.22"]
[Round "3"]
[White "Le Duin, Thierry"]
[Black "Forget, David"]
[Result "1-0"]
[WhiteElo "1938"]
[BlackElo "1867"]
[PlyCount "37"]
[EventDate "2012.07.21"]
[EventType "swiss"]
[EventRounds "9"]
[EventCountry "CAN"]
[SourceTitle "EXT 2022"]
[Source "ChessBase"]
[SourceDate "2021.10.06"]
[SourceVersion "1"]
[SourceVersionDate "2021.10.06"]
[SourceQuality "1"]

1. d4 d5 2. Nf3 Bf5 3. Nh4 Bd7 4. Nf3 Bf5 5. e3 e6 6. Bd3 Bxd3 7. Qxd3 Nf6 8. Qb5+ Nbd7 9. Qxb7 Bd6 10. 0-0 0-0 11. Qa6 Qe7 12. Nbd2 e5 13. dxe5 Nxe5 14. Nxe5 Qxe5 15. Nf3 Qh5 16. Qd3 Ne4 17. h3 g5 18. Qxd5 Qg6 19. Nd2 1-0

[Event "Montreal Mini-COQ"]
[Site "Montreal"]
[Date "2011.07.23"]
[Round "2"]
[White "Morin, Louis"]
[Black "Forget, David"]
[Result "1-0"]
[WhiteElo "1883"]
[BlackElo "1886"]
[PlyCount "91"]
[EventDate "2011.07.23"]
[EventType "swiss"]
[EventRounds "4"]
[EventCountry "CAN"]
[SourceTitle "EXT 2022"]
[Source "ChessBase"]
[SourceDate "2021.10.06"]
[SourceVersion "1"]
[SourceVersionDate "2021.10.06"]
[SourceQuality "1"]

1. e4 e6 2. d4 d5 3. e5 c5 4. Qg4 cxd4 5. Nf3 Nc6 6. Bd3 Nge7 7. 0-0 Ng6 8. Re1 Be7 9. Nbd2 0-0 10. Nb3 f5 11. exf6 Bxf6 12. Bxg6 hxg6 13. Qxg6 e5 14. Ng5 Bxg5 15. Bxg5 Qe8 16. Qxe8 Rxe8 17. c3 dxc3 18. bxc3 Bf5 19. f3 d4 20. cxd4 Nxd4 21. Nxd4 exd4 22. Rxe8+ Rxe8 23. Kf2 Rc8 24. Rc1 Bc2 25. Ke1 d3 26. Kd2 Rc5 27. h4 Ra5 28. Re1 Rxa2 29. Re8+ Kh7 30. Re7 Ra1 31. Bf6 Rd1+ 32. Kc3 Kg6 33. Bxg7 Rb1 34. g4 a5 35. h5+ Kg5 36. Re5+ Kf4 37. h6 d2 38. Kxd2 Bh7 39. Rf5+ Kg3 40. Be5+ Kg2 41. Rf7 Bg6 42. Rg7 Kxf3 43. Rxg6 Rh1 44. Bg7 a4 45. Rg5 a3 46. Rh5 1-0

[Event "Quebec-ch Elite qual"]
[Site "Montreal"]
[Date "2010.??.??"]
[Round "2"]
[White "Forget, David"]
[Black "Gulko, Andrei"]
[Result "1/2-1/2"]
[WhiteElo "1905"]
[BlackElo "2180"]
[PlyCount "145"]
[EventDate "2010.05.07"]
[EventType "swiss"]
[EventRounds "5"]
[EventCountry "CAN"]
[SourceTitle "EXT 2013"]
[Source "ChessBase"]
[SourceDate "2012.11.22"]
[SourceVersion "1"]
[SourceVersionDate "2012.11.22"]
[SourceQuality "1"]

1. d4 Nf6 2. c4 e5 3. dxe5 Ng4 4. Bf4 Bb4+ 5. Nd2 d6 6. exd6 Qf6 7. Nh3 Nxf2 8. Kxf2 Bxh3 9. g3 Bxf1 10. Rxf1 Qd4+ 11. Kg2 Bxd6 12. Bxd6 Qxd6 13. Ne4 Qg6 14. Qd5 Nc6 15. Qf5 0-0 16. Qxg6 hxg6 17. Rad1 Rfe8 18. Nc3 Ne5 19. Nd5 Nxc4 20. b3 c6 21. bxc4 cxd5 22. Rxd5 Rxe2+ 23. Rf2 Rxf2+ 24. Kxf2 Rc8 25. Rd7 Rxc4 26. Rxb7 Rc2+ 27. Kf3 Rxa2 28. h4 f6 29. Rb8+ Kh7 30. Ra8 a5 31. Kg4 Ra1 32. Kf3 a4 33. Kg2 a3 34. Kh2 g5 35. hxg5 fxg5 36. Kg2 Kg6 37. Ra6+ Kf5 38. Ra5+ Kg4 39. Ra4+ Kh5 40. Ra5 Ra2+ 41. Kh3 Ra1 42. Kg2 Kg4 43. Ra4+ Kf5 44. Ra5+ Kf6 45. Ra6+ Ke5 46. Ra5+ Kd4 47. Rxg5 Kc3 48. Rxg7 Kb2 49. Rb7+ Ka2 50. g4 Rb1 51. Ra7 Rb3 52. Rf7 Rc3 53. Rb7 Rb3 54. Rf7 Ka1 55. Rf1+ Rb1 56. Rf3 Kb2 57. Kg3 Rg1+ 58. Kf4 a2 59. Rf2+ Kb3 60. Rxa2 Kxa2 61. g5 Kb3 62. Kf5 Kc4 63. Kf6 Rf1+ 64. Ke6 Re1+ 65. Kf7 Rf1+ 66. Ke6 Rg1 67. Kf6 Kd5 68. g6 Rf1+ 69. Ke7 Re1+ 70. Kf8 Ke6 71. g7 Rg1 72. g8Q+ Rxg8+ 73. Kxg8 1/2-1/2

[Event "Gatineau Roger Roy Memorial"]
[Site "Gatineau"]
[Date "2007.10.30"]
[Round "3"]
[White "Arsenault, Yves"]
[Black "Forget, David"]
[Result "0-1"]
[WhiteElo "1486"]
[BlackElo "1884"]
[PlyCount "105"]
[EventDate "2007.10.16"]
[EventType "swiss"]
[EventRounds "5"]
[EventCountry "CAN"]
[SourceTitle "EXT 2022"]
[Source "ChessBase"]
[SourceDate "2021.10.06"]
[SourceVersion "1"]
[SourceVersionDate "2021.10.06"]
[SourceQuality "1"]

1. e4 e6 2. d4 d5 3. Nd2 c5 4. c3 cxd4 5. cxd4 dxe4 6. Nxe4 Bb4+ 7. Nc3 Nf6 8. Bb5+ Bd7 9. Bxd7+ Qxd7 10. Nge2 0-0 11. 0-0 Nc6 12. Bg5 Be7 13. Qd2 Rfd8 14. Rad1 Nd5 15. Ne4 Bxg5 16. Nxg5 Rac8 17. a3 Nde7 18. Nf3 Nf5 19. Rfe1 Qd6 20. h3 Rc7 21. g4 Nfe7 22. Nc3 Rcd7 23. Re3 Nxd4 24. Nxd4 Qxd4 25. Qxd4 Rxd4 26. Rxd4 Rxd4 27. Nb5 Rd1+ 28. Kg2 Nd5 29. Re4 Rd2 30. Nc3 Nxc3 31. bxc3 Kf8 32. Rc4 Ke7 33. a4 Kd7 34. Rf4 Ke7 35. c4 Ra2 36. c5 Rb2 37. h4 a5 38. Re4 Rb4 39. Kf3 Kd7 40. Ke3 Kc6 41. Rxb4 axb4 42. Kd4 b3 43. Kc3 Kxc5 44. Kxb3 e5 45. f3 Kd4 46. a5 Ke3 47. Kb4 Kxf3 48. Kb5 e4 49. Kb6 e3 50. Kxb7 e2 51. a6 e1Q 52. a7 Kxg4 53. a8Q 0-1

[Event "Gatineau Roger Roy Memorial"]
[Site "Gatineau"]
[Date "2007.10.16"]
[Round "1"]
[White "Forget, David"]
[Black "Sabourin, Yves"]
[Result "1-0"]
[WhiteElo "1884"]
[BlackElo "1345"]
[PlyCount "61"]
[EventDate "2007.10.16"]
[EventType "swiss"]
[EventRounds "5"]
[EventCountry "CAN"]
[SourceTitle "EXT 2022"]
[Source "ChessBase"]
[SourceDate "2021.10.06"]
[SourceVersion "1"]
[SourceVersionDate "2021.10.06"]
[SourceQuality "1"]

1. d4 d5 2. c4 e6 3. Nc3 Nf6 4. cxd5 exd5 5. Bg5 Be7 6. e3 0-0 7. Bd3 Re8 8. Nf3 Be6 9. 0-0 Nbd7 10. Rb1 b6 11. b4 c6 12. Ba6 c5 13. bxc5 bxc5 14. Bb7 Rb8 15. Bf4 Nb6 16. Bxb8 Qxb8 17. Ba6 c4 18. Ne5 Bd6 19. f4 Bxe5 20. fxe5 Nfd7 21. Nb5 Qd8 22. Nd6 Rf8 23. Bb5 Nc8 24. Bxd7 Nxd6 25. Bxe6 fxe6 26. Rxf8+ Kxf8 27. exd6 Qxd6 28. Qf3+ Ke7 29. Rb7+ Kd8 30. Rxa7 c3 31. Qf7 1-0

[Event "Repentigny Lanaudiere"]
[Site "Repentigny"]
[Date "2007.08.17"]
[Round "1"]
[White "Hua, Lefong"]
[Black "Forget, David"]
[Result "1-0"]
[WhiteElo "2333"]
[BlackElo "1938"]
[PlyCount "95"]
[EventDate "2007.08.17"]
[EventType "swiss"]
[EventRounds "5"]
[EventCountry "CAN"]
[SourceTitle "EXT 2022"]
[Source "ChessBase"]
[SourceDate "2021.10.06"]
[SourceVersion "1"]
[SourceVersionDate "2021.10.06"]
[SourceQuality "1"]

1. d4 d5 2. c4 c6 3. Nc3 dxc4 4. a4 e5 5. e3 exd4 6. exd4 Be6 7. Nf3 Bb4 8. Be2 Nf6 9. 0-0 0-0 10. Ne5 Nbd7 11. Nxc4 Bxc4 12. Bxc4 Nb6 13. Bb3 Nbd5 14. Qd3 Re8 15. Bg5 Qd6 16. Bc2 Bxc3 17. Bxf6 Nxf6 18. bxc3 Re7 19. Rfe1 Rae8 20. Rxe7 Qxe7 21. g3 Qe4 22. Rb1 Qxd3 23. Bxd3 Rb8 24. Kf1 Kf8 25. Ke2 h6 26. Kd2 Ke7 27. h3 Kd6 28. c4 Kc7 29. Re1 Re8 30. Re3 Kd6 31. Bc2 Re7 32. Kd3 Rxe3+ 33. fxe3 Nh5 34. g4 Nf6 35. e4 Nd7 36. c5+ Ke7 37. a5 b6 38. cxb6 axb6 39. a6 b5 40. Kc3 Kd6 41. Bb3 f6 42. Kb4 Kc7 43. Ka5 Nb6 44. Be6 Nc4+ 45. Bxc4 bxc4 46. Kb4 c3 47. Kxc3 Kb6 48. e5 1-0

[Event "Quebec-ch qual 2"]
[Site "Montreal"]
[Date "2007.05.20"]
[Round "4"]
[White "Forget, David"]
[Black "Malveau, Cedric"]
[Result "1-0"]
[WhiteElo "1847"]
[BlackElo "1997"]
[PlyCount "126"]
[EventDate "2007.05.18"]
[EventType "swiss"]
[EventRounds "5"]
[EventCountry "CAN"]
[SourceTitle "EXT 2022"]
[Source "ChessBase"]
[SourceDate "2021.10.06"]
[SourceVersion "1"]
[SourceVersionDate "2021.10.06"]
[SourceQuality "1"]

1. d4 Nf6 2. c4 e6 3. Nc3 Bb4 4. Bg5 h6 5. Bh4 c5 6. d5 d6 7. e3 Bxc3+ 8. bxc3 g5 9. Bg3 e5 10. Bd3 Qe7 11. Ne2 Nbd7 12. h4 Rg8 13. hxg5 hxg5 14. Bf5 Kd8 15. Qb3 Nf8 16. Bxc8 Kxc8 17. Rb1 Ng6 18. a4 Ng4 19. Kd2 f5 20. f3 Nf6 21. Rh6 b6 22. Qb5 Qd7 23. Qxd7+ Kxd7 24. Bf2 Ke7 25. Rbh1 Kf7 26. Ng3 Nh4 27. Ne2 Kg7 28. R6xh4 gxh4 29. Bxh4 Rh8 30. g3 Kf7 31. Ng1 Rag8 32. Nh3 Nd7 33. Rb1 Rb8 34. Ng5+ Kg6 35. Ne6 Nf6 36. Nc7 Rh7 37. Ne6 a6 38. a5 Rhb7 39. Rh1 bxa5 40. Bxf6 Rb2+ 41. Kd3 Kxf6 42. Rh6+ Kf7 43. Rh7+ Kg8 44. Rg7+ Kh8 45. Rg5 a4 46. Rh5+ Kg8 47. Rg5+ Kh7 48. Rh5+ Kg6 49. Rg5+ Kh6 50. Rxf5 a3 51. g4 R2b7 52. Rf6+ Kh7 53. Ng5+ Kg7 54. Rxd6 a2 55. Rxa6 Rb2 56. Ne6+ Kf7 57. Nxc5 Rf2 58. Ra7+ Ke8 59. d6 Rxf3 60. Rxa2 Rg3 61. Ra7 Rxg4 62. Re7+ Kf8 63. Ne6+ Kg8 1-0

[Event "Outaouais-ch B"]
[Site "Gatineau"]
[Date "2007.05.08"]
[Round "3"]
[White "Forget, David"]
[Black "Gagnon, Fabien"]
[Result "1/2-1/2"]
[WhiteElo "1871"]
[BlackElo "1966"]
[PlyCount "54"]
[EventDate "2007.04.24"]
[EventType "swiss"]
[EventRounds "6"]
[EventCountry "CAN"]
[SourceTitle "EXT 2022"]
[Source "ChessBase"]
[SourceDate "2021.10.06"]
[SourceVersion "1"]
[SourceVersionDate "2021.10.06"]
[SourceQuality "1"]

1. d4 Nf6 2. c4 g6 3. Nc3 Bg7 4. e4 0-0 5. Nf3 d6 6. Be2 Nbd7 7. 0-0 e5 8. dxe5 dxe5 9. Bg5 c6 10. b4 Qc7 11. Qd2 Re8 12. Rfd1 Bf8 13. c5 b6 14. cxb6 axb6 15. a3 Bb7 16. Qc2 Rac8 17. Bc4 h6 18. Bxf6 Nxf6 19. Qb3 b5 20. Be2 Red8 21. Rxd8 Rxd8 22. Qc2 Qe7 23. Rd1 Ra8 24. Ra1 Ne8 25. Qb3 Nc7 26. Bf1 Kg7 27. Qb2 f6 1/2-1/2

[Event "Hull CC-ch B"]
[Site "Gatineau"]
[Date "2007.04.10"]
[Round "5"]
[White "Forget, David"]
[Black "Szalay, Karoly"]
[Result "0-1"]
[WhiteElo "1873"]
[BlackElo "1967"]
[PlyCount "80"]
[EventDate "2007.03.20"]
[EventType "tourn"]
[EventRounds "5"]
[EventCountry "CAN"]
[SourceTitle "EXT 2022"]
[Source "ChessBase"]
[SourceDate "2021.10.06"]
[SourceVersion "1"]
[SourceVersionDate "2021.10.06"]
[SourceQuality "1"]

1. d4 d5 2. c4 e6 3. Nc3 c6 4. cxd5 exd5 5. Nf3 Bf5 6. Bf4 Nd7 7. e3 Qb6 8. Qd2 Ngf6 9. a3 h6 10. Be2 Be7 11. 0-0 0-0 12. b4 Ne4 13. Nxe4 Bxe4 14. Bd3 Nf6 15. Qc2 a5 16. bxa5 Rxa5 17. Rfb1 Qa7 18. Bxe4 Nxe4 19. a4 Ra8 20. g4 Nd6 21. Bxd6 Bxd6 22. g5 hxg5 23. Nxg5 g6 24. Qb3 b5 25. Qd3 Qe7 26. Nf3 Qd7 27. Ne5 Bxe5 28. dxe5 Rxa4 29. Rxa4 Rxa4 30. Rc1 Rc4 31. Qd2 Qg4+ 32. Kf1 Rxc1+ 33. Qxc1 Qc4+ 34. Qxc4 bxc4 35. Ke2 Kf8 36. Kd2 Ke7 37. Kc3 Ke6 38. f4 Kf5 39. h4 c5 40. Kd2 d4 0-1

[Event "Mauricie-ch"]
[Site "Trois Rivieres"]
[Date "2007.03.16"]
[Round "1"]
[White "Le Duin, Thierry"]
[Black "Forget, David"]
[Result "1-0"]
[WhiteElo "2159"]
[BlackElo "1906"]
[PlyCount "59"]
[EventDate "2007.03.16"]
[EventType "swiss"]
[EventRounds "5"]
[EventCountry "CAN"]
[SourceTitle "EXT 2022"]
[Source "ChessBase"]
[SourceDate "2021.10.06"]
[SourceVersion "1"]
[SourceVersionDate "2021.10.06"]
[SourceQuality "1"]

1. d4 d5 2. Nf3 c6 3. c3 Bg4 4. Ne5 Bf5 5. g4 Bxb1 6. Rxb1 Nd7 7. f4 e6 8. h4 Be7 9. g5 h6 10. Nf3 hxg5 11. fxg5 Bd6 12. Qd3 Ne7 13. e4 dxe4 14. Qxe4 Nf5 15. Bf4 Bxf4 16. Qxf4 Qb8 17. Qxb8+ Rxb8 18. Bd3 g6 19. Kf2 Nb6 20. Rbe1 Nd5 21. Bxf5 gxf5 22. g6 Nf4 23. gxf7+ Kxf7 24. Ng5+ Ke7 25. Kf3 Nd5 26. Nxe6 Kd7 27. Nc5+ Kc7 28. Re5 Rh5 29. Rg1 Rxh4 30. Rg7+ 1-0

[Event "Gatineau Monarque blanc"]
[Site "Gatineau"]
[Date "2007.02.06"]
[Round "4"]
[White "Forget, David"]
[Black "Szalay, Karoly"]
[Result "0-1"]
[WhiteElo "1887"]
[BlackElo "1854"]
[PlyCount "38"]
[EventDate "2007.01.16"]
[EventType "swiss"]
[EventRounds "7"]
[EventCountry "CAN"]
[SourceTitle "EXT 2022"]
[Source "ChessBase"]
[SourceDate "2021.10.06"]
[SourceVersion "1"]
[SourceVersionDate "2021.10.06"]
[SourceQuality "1"]

1. d4 d5 2. c4 e6 3. Nc3 c6 4. cxd5 exd5 5. Nf3 Bf5 6. Qb3 Qb6 7. Qxb6 axb6 8. Bf4 Nf6 9. e3 h6 10. Be2 Bb4 11. 0-0 Bxc3 12. bxc3 b5 13. a4 bxa4 14. Bxb8 Rxb8 15. Rxa4 0-0 16. c4 dxc4 17. Rxc4 Ra8 18. Ne5 Ra5 19. Bd3 Rxe5 0-1

[Event "Gatineau Nez rouge A"]
[Site "Gatineau"]
[Date "2006.12.19"]
[Round "5"]
[White "Forget, David"]
[Black "Guimond, Michel"]
[Result "1-0"]
[WhiteElo "1874"]
[BlackElo "1811"]
[PlyCount "63"]
[EventDate "2006.11.21"]
[EventType "swiss"]
[EventRounds "5"]
[EventCountry "CAN"]
[SourceTitle "EXT 2022"]
[Source "ChessBase"]
[SourceDate "2021.10.06"]
[SourceVersion "1"]
[SourceVersionDate "2021.10.06"]
[SourceQuality "1"]

1. d4 g6 2. c4 Bg7 3. e4 d6 4. Nc3 Nd7 5. Nf3 c6 6. Be2 e5 7. d5 c5 8. 0-0 Nh6 9. Ne1 0-0 10. Nd3 f5 11. f4 Nf7 12. fxe5 Ndxe5 13. Nf4 Ng5 14. exf5 Bxf5 15. Be3 Qe7 16. Qd2 Rae8 17. Rae1 h6 18. Kh1 Kh7 19. a3 Nd7 20. Bd1 Be5 21. Bg1 Rf7 22. h4 Bxf4 23. Qxf4 Be4 24. Qg3 Rxf1 25. Rxf1 Nf7 26. Nxe4 Nfe5 27. Ba4 Rf8 28. Rxf8 Qxf8 29. Bxd7 Nxd7 30. Qxd6 Qf5 31. Qe6 b6 32. Qxd7+ 1-0

[Event "Gatineau Hull CC 27 Ann-A"]
[Site "Gatineau"]
[Date "2006.10.10"]
[Round "5"]
[White "Forget, David"]
[Black "Brousseau, Yvan"]
[Result "0-1"]
[WhiteElo "1905"]
[BlackElo "2059"]
[PlyCount "112"]
[EventDate "2006.09.12"]
[EventType "swiss"]
[EventRounds "5"]
[EventCountry "CAN"]
[SourceTitle "EXT 2022"]
[Source "ChessBase"]
[SourceDate "2021.10.06"]
[SourceVersion "1"]
[SourceVersionDate "2021.10.06"]
[SourceQuality "1"]

1. d4 b6 2. c4 Bb7 3. Nc3 Nf6 4. f3 e6 5. e4 d6 6. Bg5 Be7 7. Bd3 h6 8. Be3 c5 9. e5 dxe5 10. dxe5 Nfd7 11. Bf4 Nc6 12. Be4 a6 13. Bg3 h5 14. f4 Qc7 15. Nf3 0-0-0 16. Qe2 h4 17. Bf2 g5 18. fxg5 Ndxe5 19. Nxe5 Qxe5 20. 0-0 Bxg5 21. Bxc6 Qxe2 22. Bxb7+ Kxb7 23. Nxe2 Rd2 24. Nc3 Rxb2 25. Ne4 Be7 26. Rfd1 Kc6 27. Rd2 Rb4 28. Rc1 f5 29. Nc3 Bg5 30. Rcd1 Bxd2 31. Rxd2 Rxc4 32. Ne2 Rg8 33. h3 Rg7 34. Kf1 Rd7 35. Ke1 Rxd2 36. Kxd2 Ra4 37. Nc3 Rb4 38. Kc2 Rf4 39. Be3 Rf1 40. Nd1 f4 41. Bf2 f3 42. gxf3 Rh1 43. Bxh4 Rxh3 44. Bg5 Rxf3 45. Bd2 b5 46. Ne3 b4 47. Nc4 Kb5 48. Nd6+ Ka4 49. Ne4 c4 50. Nc5+ Ka3 51. Kb1 Rf1+ 52. Kc2 c3 53. Bxc3 bxc3 54. Nxa6 Kxa2 55. Nc7 e5 56. Kxc3 Rc1+ 0-1

[Event "Gatineau Hull CC 27 Ann-A"]
[Site "Gatineau"]
[Date "2006.09.19"]
[Round "2"]
[White "Libersan, Mattieu"]
[Black "Forget, David"]
[Result "1-0"]
[WhiteElo "1911"]
[BlackElo "1905"]
[PlyCount "55"]
[EventDate "2006.09.12"]
[EventType "swiss"]
[EventRounds "5"]
[EventCountry "CAN"]
[SourceTitle "EXT 2022"]
[Source "ChessBase"]
[SourceDate "2021.10.06"]
[SourceVersion "1"]
[SourceVersionDate "2021.10.06"]
[SourceQuality "1"]

1. e4 e6 2. d4 d5 3. Nc3 Bb4 4. Nge2 dxe4 5. a3 Be7 6. Nxe4 Nf6 7. Qd3 0-0 8. Bf4 Nd5 9. 0-0-0 Nxf4 10. Nxf4 b6 11. h4 Ba6 12. c4 Nc6 13. Ng5 Bxg5 14. hxg5 g6 15. Qh3 Re8 16. Qxh7+ Kf8 17. Nxg6+ fxg6 18. Qxg6 Ke7 19. Rh7+ Kd6 20. c5+ Kd5 21. Bxa6 Nxd4 22. Bb7+ Kxc5 23. b4+ Kb5 24. Qd3+ Ka4 25. Qa6+ Kb3 26. Rd3+ Ka2 27. Qc4+ Ka1 28. Qc3+ 1-0